<?xml version="1.0" encoding="UTF-8"?>
<record
    xmlns:xsi="http://www.w3.org/2001/XMLSchema-instance"
    xsi:schemaLocation="http://www.loc.gov/MARC21/slim http://www.loc.gov/standards/marcxml/schema/MARC21slim.xsd"
    xmlns="http://www.loc.gov/MARC21/slim">

  <leader>01459naa a2200337 i 4500</leader>
  <controlfield tag="001">9010</controlfield>
  <controlfield tag="003">KOSZ 005</controlfield>
  <controlfield tag="005">20180430094959.0</controlfield>
  <controlfield tag="008">151222s2012    pl     f     |000 0 pol  </controlfield>
  <datafield tag="015" ind1=" " ind2=" ">
    <subfield code="a">BZCz 2015/86624</subfield>
  </datafield>
  <datafield tag="035" ind1=" " ind2=" ">
    <subfield code="a">(OCoLC)998304893</subfield>
  </datafield>
  <datafield tag="040" ind1=" " ind2=" ">
    <subfield code="a">WA N</subfield>
    <subfield code="c">WA N</subfield>
    <subfield code="d">KOSZ 005/HR</subfield>
  </datafield>
  <datafield tag="041" ind1="0" ind2=" ">
    <subfield code="a">pol</subfield>
    <subfield code="b">eng</subfield>
  </datafield>
  <datafield tag="080" ind1=" " ind2=" ">
    <subfield code="a">631(045/046)</subfield>
  </datafield>
  <datafield tag="080" ind1=" " ind2=" ">
    <subfield code="a">311(045/046)</subfield>
  </datafield>
  <datafield tag="100" ind1=" " ind2=" ">
    <subfield code="a">ZAWADZKA, Danuta.</subfield>
    <subfield code="d">2012 - .</subfield>
    <subfield code="b">Politechnika Koszali&#x144;ska - Wydzia&#x142; Nauk Ekonomicznych,</subfield>
    <subfield code="c">Katedra Finans&#xF3;w</subfield>
  </datafield>
  <datafield tag="245" ind1="1" ind2="0">
    <subfield code="a">Struktura gospodarstw rolniczych na obszarze Pomorza &#x15A;rodkowego /</subfield>
    <subfield code="c">Danuta Zawadzka, Agnieszka Strzelecka, Ewa Szafraniec-Siluta. </subfield>
  </datafield>
  <datafield tag="504" ind1=" " ind2=" ">
    <subfield code="a">Bibliogr., netogr.</subfield>
  </datafield>
  <datafield tag="546" ind1=" " ind2=" ">
    <subfield code="a">Streszcz. ang.</subfield>
  </datafield>
  <datafield tag="648" ind1=" " ind2="4">
    <subfield code="a">1901-2000.</subfield>
    <subfield code="9">6869</subfield>
  </datafield>
  <datafield tag="648" ind1=" " ind2="4">
    <subfield code="a">1989-2000.</subfield>
    <subfield code="9">6870</subfield>
  </datafield>
  <datafield tag="648" ind1=" " ind2="0">
    <subfield code="a">2001-</subfield>
    <subfield code="9">6828</subfield>
  </datafield>
  <datafield tag="650" ind1=" " ind2="0">
    <subfield code="a">Gospodarstwo rolne.</subfield>
  </datafield>
  <datafield tag="651" ind1=" " ind2="4">
    <subfield code="a">Pomorskie, wojew&#xF3;dztwo (od 1999)</subfield>
    <subfield code="9">6871</subfield>
  </datafield>
  <datafield tag="651" ind1=" " ind2="0">
    <subfield code="a">Zachodniopomorskie, wojew&#xF3;dztwo</subfield>
    <subfield code="9">6784</subfield>
  </datafield>
  <datafield tag="655" ind1=" " ind2="4">
    <subfield code="a">Dane statystyczne.</subfield>
  </datafield>
  <datafield tag="700" ind1="1" ind2=" ">
    <subfield code="a">STRZELECKA, Agnieszka.</subfield>
    <subfield code="d">2006 - .</subfield>
    <subfield code="b">Politechnika Koszali&#x144;ska - Wydzia&#x142; Nauk Ekonomicznych,</subfield>
    <subfield code="c">Katedra Finans&#xF3;w</subfield>
  </datafield>
  <datafield tag="700" ind1="1" ind2=" ">
    <subfield code="a">SZAFRANIEC-SILUTA, Ewa.</subfield>
    <subfield code="d">2009 - .</subfield>
    <subfield code="b">Politechnika Koszali&#x144;ska - Wydzia&#x142; Nauk Ekonomicznych,</subfield>
    <subfield code="c">Katedra Finans&#xF3;w</subfield>
  </datafield>
  <datafield tag="773" ind1="0" ind2=" ">
    <subfield code="i">W:</subfield>
    <subfield code="t">Zeszyty Naukowe Szko&#x142;y G&#x142;&#xF3;wnej Gospodarstwa Wiejskiego w Warszawie. Ekonomika i Organizacja Gospodarki &#x17B;ywno&#x15B;ciowej. -</subfield>
    <subfield code="g">2012, nr 99, s. 309-326</subfield>
    <subfield code="x">2081-6979</subfield>
  </datafield>
  <datafield tag="942" ind1=" " ind2=" ">
    <subfield code="2">UKD</subfield>
    <subfield code="c">ART</subfield>
  </datafield>
  <datafield tag="999" ind1=" " ind2=" ">
    <subfield code="c">9010</subfield>
    <subfield code="d">9010</subfield>
  </datafield>
</record>
